The psychology of memory

Αποθηκεύτηκε σε:
Λεπτομέρειες βιβλιογραφικής εγγραφής
Κύριος συγγραφέας: Baddeley, Alan D., 1934-
Μορφή: Βιβλίο
Γλώσσα:English
Δημοσίευση: New York : Basic Books, [c1976]
Σειρά:Basic topics in cognition series
Θέματα:
Ετικέτες: Προσθήκη ετικέτας
Δεν υπάρχουν, Καταχωρήστε ετικέτα πρώτοι!

MARC

LEADER 00000cam a2200000 i 4500
001 1/99776
008 081218s1976 eng d
020 |a 0-465-06737-9 (pbk.) 
035 |l 10102594 
040 |a GR-MY-UA  |b gre  |e aacr 
041 0 |a eng 
082 0 |a 153.12  |2 (22) 
100 1 |a Baddeley, Alan D.,   |d 1934- 
245 1 4 |a The psychology of memory /  |c Alan D. Baddeley 
260 |a New York :   |b Basic Books,   |c [c1976] 
300 |a 430 σ.;  |c 24 εκ. 
490 1 |a Basic topics in cognition series 
504 |a Βιβλιογραφία: σ. 379-413. Ευρετήριο 
650 0 0 |a Memory  |x Physiological aspects. 
650 0 0 |a Recollection (Psychology) 
830 0 |a Basic topics in cognition series 
852 |a INST  |b RHODES  |e 20081218  |h 153.12 BAD  |p 005400031648  |q 005400031648  |t BK  |y 0 
901 |a BIBL4-2008-3 
909 |a Ρ  |b 156815 
970 |a ΚΟΖΑ  |b ΜΑΡΙΑ  |z 2008/12/18